000 00638cam a22002293a 4500
001 25268
003 PGUSA
005 20140828083537.0
008 080430s2008||||xxu|||||s|||||000 | eng d
040 _aPGUSA
_beng
042 _adc
050 4 _aN
100 1 _aHurll, Estelle M.
_q(Estelle May),
_d1863-1924
245 1 0 _aChild-life in Art
_h[electronic resource] /
_cEstelle M. Hurll
260 _bProject Gutenberg,
_c2008
506 _aPublic domain in the USA.
516 _aElectronic text
653 _aChildren in art
830 0 _aProject Gutenberg
_v25268
856 4 0 _uhttp://www.gutenberg.org/ebooks/25268
942 _cEB
999 _c254523
_d254523